| 000 | 01518nam a2200361 c 4500 | ||
|---|---|---|---|
| 003 | BLK | ||
| 005 | 20241009152951.0 | ||
| 008 | 180408b bul|||||r ||||||| ||bul|| | ||
| 010 | _aKNG00099267000 | ||
| 020 |
_a978-954-28-0791-9 _bиздат.: Сиела Софт енд Паблишинг |
||
| 040 | _aBLK | ||
| 041 |
_aBUL _cBUL |
||
| 072 | 7 |
_2bullib _aН83 _xЧужда художествена литература Н |
|
| 080 |
_aНемска литература _b821.112.2 _x-31 _z821.112.2-31 |
||
| 100 | 1 |
_aМюлер, Херта _eпърви автор _9305932 |
|
| 700 | 1 |
_aДерменджиева, Мария _eпрев. от нем. _9305933 |
|
| 139 |
_aМюлер, Херта _bМ 98 |
||
| 245 | 1 | 0 |
_aВсичко свое нося със себе си _bРоман _cХерта Мюлер; прев. от нем. Мария Дерменджиева. |
| 257 | _aDEU | ||
| 260 |
_аСофия _bСиела Софт енд Паблишинг _c2010 |
||
| 300 |
_a252 с. _c21 см |
||
| 380 | _aX | ||
| 490 | 1 | _aНобелова награда за литература | |
| 500 | _aОриг. загл. Atemschaukel / Herta Muller. Авт. е носител на Нобелова награда за литература за 2010 г. | ||
| 653 | _aромани | ||
| 659 | _aН | ||
| 852 | _aЦб 250677 | ||
| 856 | 4 |
_qpdf _u |
|
| 856 | 4 |
_qpdf _u |
|
| 942 |
_cKNG _n0 _04 |
||
| 944 |
_aCR _c03.02.2011 _lМинев Младен _k30530 |
||
| 944 |
_aED _c16.02.2011 _lф / _k |
||
| 999 |
_c94445 _d94445 |
||